000 00421nam a2200157Ia 4500
008 181130s2018 xx 000 0 und d
100 _aCerroni, Andrea
245 _aSteps towards a theory of the knowledge-society
260 _c2018
300 _ap.322-343.
504 _dJun
650 _aInformation society
650 _aKnowledge society
773 _aSocial Science Information
906 _aKnowledge society
999 _c506269
_d506269